Teaching computing

Guardat en:
Dades bibliogràfiques
Autor principal: SIMMONS, Carl. Hawkins Claire
Format: Llibre
Idioma:anglès
Publicat: SAGE 2015
Etiquetes: Afegir etiqueta
Sense etiquetes, Sigues el primer a etiquetar aquest registre!

MARC

LEADER 00000nam a22000007a 4500
008 201222b ||||| |||| 00| 0 eng d
020 |a 978-1-4462-8252-6 
100 |a SIMMONS, Carl.  |a Hawkins Claire 
245 |a Teaching computing  |c Carl Simmons & Claire Hawkins  |e (Developing as a reflective secondary teaching teacher series)  |g . vii, 299p., ill 
250 |c 2ND 
260 |b SAGE  |c 2015  |h Los Angeles  |i 692102  |i 692103  |l T58.5 .Si4  |m Information technology – Study and teaching (Secondary). 
500 |a . “It includes bibliographical references and index 
942 |a lcc  |c BK  |e O.A.JOHNSON  |f 22/12/20 
952 |0 0  |1 0  |2 lcc  |4 0  |6 T00585 S I4  |7 0  |9 1139  |a HOL  |b HOL  |c QZ  |d 2020-12-22  |l 0  |o T58.5 .Si4  |p 2020-230346  |r 2020-12-22 00:00:00  |w 2020-12-22  |y BK 
952 |0 0  |1 0  |2 lcc  |4 0  |6 T00585 S I4  |7 0  |9 1140  |a HOL  |b TL  |c QZ  |d 2020-12-22  |l 0  |o T58.5 .Si4  |p 2020-230347  |r 2020-12-22 00:00:00  |w 2020-12-22  |y BK 
999 |c 595  |d 595